|
|
|
|
| LEADER |
01173nam a22002892a 4500 |
| 001 |
000839545 |
| 003 |
CZ BrMZK |
| 005 |
20150708113710.0 |
| 007 |
ta |
| 008 |
070129s1991 xo fr|||||||||||slo d |
| 040 |
|
|
|a BOA001
|b cze
|
| 080 |
9 |
|
|a 535
|
| 100 |
1 |
|
|a Chalupková, Aurélia
|7 mzk2015878585
|4 aut
|
| 245 |
1 |
0 |
|a Praktikum školských pokusov z fyziky :
|b návody na riadenie samostatnej práce - čast' Optika : skriptá pre Matematicko-fyzikálnu fakultu UK /
|c Aurélia Chalupková
|
| 250 |
|
|
|a 1. vyd.
|
| 260 |
|
|
|a Bratislava :
|b Univerzita Komenského,
|c 1991
|
| 300 |
|
|
|a 145 s.
|
| 490 |
1 |
|
|a Vysokoškolské skriptá
|
| 500 |
|
|
|a Rozmnoženo
|
| 710 |
2 |
|
|a Univerzita Komenského v Bratislave.
|b Matematicko-fyzikálna fakulta
|7 kn20010710361
|
| 810 |
2 |
|
|a Univerzita Komenského v Bratislave.
|b Matematicko-fyzikálna fakulta.
|t Vysokoškolské skriptá
|0 s
|
| 910 |
|
|
|a BOA001
|b PK-N-0029.383
|b 4-0965.441
|
| 964 |
|
|
|a Optika - pokusy - učebnice - školy vysoké
|
| 964 |
|
|
|a Fyzika - pokusy - učebnice - školy vysoké
|
| 990 |
|
|
|a BK
|
| 991 |
|
|
|b 200805
|
| 996 |
6 |
|
|b BC-420041
|c PK-N-0029.383
|l MZK
|r Sklad / do 1 hodiny
|n 0
|w 000839545
|u 000010
|a 1
|e BOA001
|j MZK50
|s P
|